000 04430nam a22004217a 4500
001 BRCA_8605
002 CO8-440
003 FranzMayer
005 20260505155817.0
006 a||||gr|||| 00| 0
007 ta
008 260310s1750 sp ||||grf||| 00| 0 spa d
040 _aBMFM
_bspa
041 0 _aspa
050 4 _aR5920
_b.F68 1748
100 1 _aFouquet, Marie de Maupeou,
_d(1590-1681)
_930078
245 1 0 _aObras medico- chirurgicas de Madama Fouquet, economia de la salud del cuerpo humano:
_bEconomía de la salud del cuerpo humano: ahorro de medicos cirujanos y botica: prontuario de secretos caseros, faciles, y seguros en la practica sin cifras Medicas, para que todos puedan usar de ellos en bien de los Pobres, y Enfermos; Sacados, y comprados de los medicos y cirujanos más famosos de toda la Europa, con la solicitud, y caudales de la dicha insigne Matrona (Abuela del Mariscal de Francia Mr. el Duque de Belle-ilse, bien celebre en nuestros tiempos) para curar por sí misma en los pobres todo genero de males, aun los que hasta aora han sido tenidos por incurables /
_cMarie de Maupeou Fouquet
246 1 0 _aObras medico- chirurgicas de Madama Fouquet
260 _aValladolid, España :
_bAlonso del Riego,
_c1750
300 _a[14], X [10], 129 , [1], 122 páginas;
_c26.5 x 20 x 3.5 cm
520 3 _aDividida en dos tomos, ofrece una recopilación de conocimientos, recetas, preparaciones y tratamientos para el cuidado y la salud del cuerpo humano, así como algunas técnicas quirúrgicas comunes en el siglo XVIII. Fue escrita en un contexto histórico en el que la medicina seguía la concepción galénica de los humores, por Marie de Maupeou, Vizcondesa de Vaux e hija de Gilles de Maupeau (1553-1641), un intendente e inspector general de finanzas de la corte francesa.
_bCon más de cincuenta ediciones en francés y traducidas al italiano, alemán, portugués y español, esta obra constituye un testimonio destacado de una mujer en una época en la que el ámbito científico estaba dominado por hombres.
563 _aOtras referencias físicas: Encuadernación entera en piel. El papel del cuerpo del libro está formado por pulpa de trapo, hecho a mano, con marcas de verjurado. El cuerpo del libro está formado por cuadernillos unidos mediante una costura que no fue posible identificar, debido a que el cuerpo se volvió a coser en algún momento de su historia. Las hojas de guarda son parte de la reencuadernación. Lomera con cajo. Cabezadas industriales adheridas [posteriores]. Cantos del cuerpo refinados. Soportes de las tapas probablemente de cartón. Tejuelo café en el lomo. Texto impreso
591 _aEstado de Conservación: Bueno
591 _bDescripción de conservación: Reencuadernado: se volvió a coser, se le agregaron hojas de guarda, se le sacó el cajo, se adhirieron cabezadas industriales, y se le hizo la cartera entera en piel. En algunas hojas presenta suciedad, manchas, faltantes y roturas. Faltan páginas iniciales
592 _aMarcas Adicionales: Dividido en dos partes. La primera, debido a que le faltan las páginas iniciales, no presenta portada, mientras que la segunda parte sí incluye portada. En la página [7] se incluye la licencia de impresión, donde se menciona: <<Tiene Feancisco Monroy y Olaso licencia de los Señores del Real, y Supremo Consejo de Castilla, para imprimir este Tomo, como consta mas largamente por la certificacion dada por Don Miguel Fernandez Munilla en Madrid á 21. de Marzo de 1748.>>. Incluye: <<Advertencias al lector>>, [tomo I], [9 p.]. Índice <<De los títulos principales>> [tomo I], [11 p.] e Índice General <<De las cosas más notables>> [tomo II], [123 p.]. Nota manuscrita en la página V: [Camino Via …]
593 _aTratados, compendios y manuales
648 0 _aViceroyalty period
_yViceroyalty (1535-1821)
_930116
650 1 0 _aTraditional medicine
_yEarly works to 1800
_930117
650 1 0 _aHome remedies
_yEarly works to 1800
_930118
650 1 0 _aWomen in medicine
_xHistory
_930119
650 1 0 _aWomen authors
_xHistory
_zFrance
_930120
700 1 _aMoya y Correa, Francisco,
_etraductor
_930083
700 1 _aRiego, Alonso del,
_d(fl.1700-1762),
_eimpresor
_930084
856 4 1 _qTIF//PDF
_uhttps://bibliotecadigital.franzmayer.org.mx/items/eb82f1fb-22ad-434d-873b-dbf2f016038c
_yBiblioteca Digital Franz Mayer
902 _aKH
_aTV
_aFM
942 _2lcc
_cB
960 _aCS-L2-N2
999 _c11103
_d11103